000 00364nam a2200133Ia 4500
008 220120s9999||||xx |||||||||||||| ||und||
020 _a9780071328968
082 _a621.381 HAR
100 _aHart, Daniel W
245 0 _aPower Electronics
260 _aTata mc graw hill
_bNew Delhi
_c2011
300 _aXXIV, 851p.
_b545
650 _aELECTRONICS AND COMMUNICATIONS
999 _c132753
_d132753